01020nam a2200277Ia 4500001000600000003000500006008004100011010001100052040000900063090001600072100004100088245017600129260004100305300001000346502007500356650003300431650003600464700003900500901001600539902000600555910000900561942000600570942000600576999001900582952014100601Z_796CHAP220113s1991 xx 000 0 und d a163890 cCHAP aTesis G 649 aGarcía Ramírez, Francisco946482 aComposición relativa y valor nutritivo de rastrojo de maíz de riego o temporal cosechado en varias fechas /cpor Francisco García Ramírez y Felipe Estrada Ortíz aChapingo, Méx. :bEl autor,c1991 a74 h. aTesis (Ing. Agr. Esp. en Zootecnia) -- UACH. Departamento de Zootecnia aMaíz xSubproductos971064 aMaízxValor nutritivo 971080 aI. Estrada Ortíz, Felipe9137928 aTESIS G 649 aM a1991 c2 c2 c163890d163890 00102local4051708TESISaZbZd2005-11-09eEl autorl0oTesis G37 649 1991p5101000893r2022-01-18 00:00:00tEj.1w2022-01-18yTESIS